Capitais da Oceania - Statistics

Estatísticas Gerais
  • Esse quiz foi jogado 3 952 vezes
  • A pontuação média é 9 de 14
Estatísticas das Respostas
Hint Resposta % Correto
Austrália Canberra
99%
Nova Zelândia Wellington
89%
Fiji Suva
76%
Papua-Nova Guiné Port Moresby
64%
Estados Federados da Micronésia Palikir
63%
Ilhas Marshall Majuro
62%
Samoa Apia
61%
Vanuatu Port Vila
60%
Kiribati Tarawa do Sul
57%
Nauru Yaren
57%
Tuvalu Funafuti
56%
Ilhas Salomão Honiara
56%
Tonga Nuku'alofa
56%
Palau Melekeok
48%
Nenhum quiz correspondente encontrado
Distribuição das Pontuações
Porcentagem de Pessoas com Cada Pontuação
Percentil de Números Respondidos
Sua Pontuação Histórica
Você não jogou esse quiz